[Event "Sunway Sitges Online Open"]
[Site "chess.com INT"]
[Date "2020.04.23"]
[Round "5.7"]
[White "Kakabayev, Mergen"]
[Black "Sattarov, Bobir"]
[Result "0-1"]
[WhiteTitle "FM"]
[WhiteElo "2285"]
[BlackElo "2459"]
[WhiteFideId "14002990"]
[BlackFideId "14203081"]
[EventDate "2020.04.19"]

1. e4 e5 2. Nf3 Nc6 3. Bb5 a6 4. Ba4 Bc5 5. O-O Qf6 6. Nc3 Nge7 7. Nd5 Nxd5 8.
exd5 Ne7 9. d4 exd4 10. Bg5 Qd6 11. Bxe7 Kxe7 12. Re1+ Kf8 13. Ng5 Qf4 14. Qh5
h6 15. Nh3 Qf6 16. Re4 g6 17. Qe2 b5 18. Bb3 Bb7 19. Rf4 Qd6 20. Qf3 f5 21. g4
Re8 22. c3 dxc3 23. bxc3 Ke7 24. gxf5 Kd8 25. fxg6 Qxg6+ 26. Kh1 Rhf8 27. Rg1
Qd6 28. Rxf8 Rxf8 29. Qd3 Bxf2 30. Nxf2 Rxf2 31. Rg8+ Rf8 32. Rxf8+ Qxf8 33. Kg1
Qc5+ 34. Kf1 a5 35. Qg6 Qf8+ 36. Kg1 a4 37. Bd1 Bxd5 38. Bg4 Qg8 39. Qf6+ Kc8
40. Qh4 Qg5 41. Qg3 Qc1+ 42. Kf2 Qd2+ 43. Kg1 Qxa2 44. Qe5 Qg2# 0-1

[Event "Sunway Sitges Online Open"]
[Site "chess.com INT"]
[Date "2020.04.23"]
[Round "5.8"]
[White "Yoo, Christopher Woojin"]
[Black "Raahul, V S"]
[Result "1/2-1/2"]
[WhiteTitle "IM"]
[WhiteElo "2455"]
[BlackElo "2259"]
[WhiteFideId "30909694"]
[BlackFideId "25035525"]
[EventDate "2020.04.19"]

1. e4 e5 2. Nf3 Nc6 3. Bb5 a6 4. Ba4 d6 5. O-O Bg4 6. h3 h5 7. Bxc6+ bxc6 8. d4
Bxf3 9. Qxf3 exd4 10. Re1 Ne7 11. e5 d5 12. Bg5 Qd7 13. e6 fxe6 14. Nd2 c5 15.
Re2 Rb8 16. Nb3 Nc6 17. Rae1 Nd8 18. Re5 Bd6 19. Rxd5 Rf8 20. Qe4 Kf7 21. Nxc5
Bh2+ 1/2-1/2

[Event "Sunway Sitges Online Open"]
[Site "chess.com INT"]
[Date "2020.04.23"]
[Round "5.9"]
[White "Koellner, Aaron Noah"]
[Black "Vasquez Schroeder, Rodrigo"]
[Result "1/2-1/2"]
[BlackTitle "GM"]
[WhiteElo "2257"]
[BlackElo "2441"]
[WhiteFideId "12993085"]
[BlackFideId "3400042"]
[EventDate "2020.04.19"]

1. d4 d6 2. Nf3 Nf6 3. Nbd2 Nbd7 4. e4 e5 5. c3 Be7 6. Bc4 O-O 7. O-O exd4 8.
cxd4 d5 9. Bd3 dxe4 10. Nxe4 Nxe4 11. Bxe4 Nf6 12. Bc2 Nd5 13. Ne5 Be6 14. a3 c6
15. Re1 Bg5 16. Qd3 f5 17. Nf3 Bxc1 18. Raxc1 Qf6 19. Re5 g6 20. Rce1 Bf7 21. h4
Rad8 1/2-1/2

[Event "Sunway Sitges Online Open"]
[Site "chess.com INT"]
[Date "2020.04.23"]
[Round "5.10"]
[White "Thybo, Jesper Sondergaard"]
[Black "Miciano, John Marvin"]
[Result "1-0"]
[WhiteTitle "GM"]
[BlackTitle "IM"]
[WhiteElo "2590"]
[BlackElo "2337"]
[WhiteFideId "1438832"]
[BlackFideId "5211948"]
[EventDate "2020.04.19"]

1. d4 f5 2. g3 Nf6 3. Bg2 g6 4. Nf3 Bg7 5. O-O O-O 6. c4 d6 7. Nc3 c6 8. b3 Qc7
9. Ba3 Rd8 10. Qc2 Na6 11. Rac1 Qa5 12. Bb2 e5 13. dxe5 dxe5 14. Rcd1 e4 15.
Rxd8+ Qxd8 16. Rd1 Qe7 17. Nd4 Bd7 18. f3 Re8 19. Qc1 exf3 20. exf3 Qe3+ 21.
Qxe3 Rxe3 22. Kf2 Re8 23. Ba3 Bf8 24. Bxf8 Kxf8 25. Bf1 Nc7 26. b4 Be6 27. Na4
Bc8 28. Nc5 Nd7 29. Nxd7+ Bxd7 30. Nb5 cxb5 31. Rxd7 Re7 32. Rd8+ Re8 33. Rxe8+
Kxe8 34. cxb5 Ke7 35. Bc4 Ne6 36. Ke3 b6 37. g4 h6 38. h3 Kf6 39. f4 Ke7 40. Be2
Kd6 41. Bc4 Ke7 42. Bd3 Kf6 43. a3 Nc7 44. Bc4 Ne6 45. a4 Ke7 46. Bd3 Kf6 47.
Bc2 Ng7 48. Kd4 Ne6+ 49. Kd5 Nxf4+ 50. Kc6 Nxh3 51. gxf5 g5 52. a5 Nf2 53. Bb3
Kxf5 54. Kb7 g4 55. Kxa7 g3 56. axb6 g2 57. b7 g1=Q 58. b8=Q Ne4+ 59. b6 Qd4 60.
Qc8+ Kg5 61. Qg8+ Kf4 62. Qc4 Qa1+ 63. Ba2 Qg1 64. Qf7+ Ke5 65. Qe6+ Kf4 66.
Qxh6+ Ke5 67. Qe6+ Kf4 68. Bd5 Qa1+ 69. Kb8 Nf6 70. b7 Kg5 71. Kc8 Qc3+ 72. Bc6 1-0

[Event "Sunway Sitges Online Open"]
[Site "chess.com INT"]
[Date "2020.04.24"]
[Round "6.1"]
[White "Adly, Ahmed"]
[Black "Mehar, Chinna Reddy C.H."]
[Result "1/2-1/2"]
[WhiteTitle "GM"]
[BlackTitle "IM"]
[WhiteElo "2615"]
[BlackElo "2422"]
[WhiteFideId "10601619"]
[BlackFideId "5027420"]
[EventDate "2020.04.19"]

1. Nf3 d5 2. g3 Bg4 3. Bg2 Nd7 4. O-O c6 5. d3 Ngf6 6. Nbd2 e6 7. e4 Be7 8. h3
Bh5 9. Re1 O-O 10. g4 Bg6 11. e5 Ne8 12. Nf1 Nc7 13. Ng3 a5 14. g5 a4 15. a3 Kh8
16. h4 Bf5 17. Nh2 Bc5 18. Qf3 g6 19. Ng4 Bxg4 20. Qxg4 Ne8 21. d4 Be7 22. Bf1
Ng7 23. Bd3 Nf5 24. h5 Rg8 25. hxg6 fxg6 26. Kg2 Nf8 27. Rh1 b5 28. Bd2 Rg7 29.
Rh3 Qb6 30. Ne2 Kg8 31. Bb4 Bxb4 32. axb4 Qd8 33. Ra3 Qe7 34. c3 Nd7 35. Ng1 Nb6
36. Nf3 Rf8 37. Kf1 Rgf7 38. Ke2 1/2-1/2

[Event "Sunway Sitges Online Open"]
[Site "chess.com INT"]
[Date "2020.04.24"]
[Round "6.3"]
[White "Espinoza Palomino, Willyam"]
[Black "Shevchenko, Kirill"]
[Result "0-1"]
[WhiteTitle "IM"]
[BlackTitle "GM"]
[WhiteElo "2400"]
[BlackElo "2592"]
[WhiteFideId "3804852"]
[BlackFideId "14129574"]
[EventDate "2020.04.19"]

1. e4 c5 2. Nf3 d6 3. d4 cxd4 4. Nxd4 Nf6 5. Nc3 a6 6. Be3 e5 7. Nf3 Be7 8. Bc4
O-O 9. O-O Be6 10. Qe2 b5 11. Bb3 Qc7 12. Bg5 Nbd7 13. Rfd1 b4 14. Bxf6 Nxf6 15.
Nd5 Nxd5 16. Bxd5 Bxd5 17. Rxd5 Rfc8 18. Rc1 Qb6 19. Qd3 Rc6 20. c4 bxc3 21.
Rxc3 Rac8 22. Rxc6 Rxc6 23. Qd2 Rc4 24. Rd3 Qc6 25. Rb3 h6 26. h3 Qxe4 27. Qe3
Qb1+ 28. Kh2 Rc1 29. Rb4 Kh7 30. Qa7 f5 31. Qxe7 f4 32. Ng5+ hxg5 33. g3 f3 34.
Rh4+ gxh4 35. Qxh4+ Kg6 36. Qg4+ Kf6 37. Qh4+ Ke6 38. Qg4+ Qf5 0-1

[Event "Sunway Sitges Online Open"]
[Site "chess.com INT"]
[Date "2020.04.24"]
[Round "6.4"]
[White "Sindarov, Javokhir"]
[Black "Kopylov, Michael"]
[Result "1-0"]
[WhiteTitle "GM"]
[BlackTitle "IM"]
[WhiteElo "2557"]
[BlackElo "2407"]
[WhiteFideId "14205483"]
[BlackFideId "14105080"]
[EventDate "2020.04.19"]

1. e4 d5 2. exd5 Qxd5 3. Nc3 Qa5 4. d4 c6 5. Nf3 Nf6 6. Be2 Bf5 7. O-O e6 8. Bf4
h6 9. Ne5 Be7 10. Qd2 O-O 11. Rfe1 Nbd7 12. Nc4 Qd8 13. Nd6 Bxd6 14. Bxd6 Re8
15. h3 Nd5 16. Nxd5 exd5 17. Bf1 Nf6 18. Rxe8+ Qxe8 19. f3 Qe6 20. Bh2 Re8 21.
c3 Nd7 22. g4 Bh7 23. Bg3 Qe3+ 24. Qxe3 Rxe3 25. Kf2 Re8 26. a4 g5 27. h4 f5 28.
hxg5 hxg5 29. gxf5 Bxf5 30. Be2 Kf7 31. a5 Nf6 32. a6 b6 33. Rh1 g4 34. fxg4
Bxg4 35. Bxg4 Nxg4+ 36. Kf3 Nf6 37. Be5 Rf8 38. Ke3 Ke7 39. Kd3 Nd7 40. Bc7 c5
41. Re1+ Kf6 42. Rf1+ Ke7 43. Rxf8 Kxf8 44. c4 cxd4 45. b4 dxc4+ 46. Kxc4 Ke7
47. Kxd4 Nf6 48. Bxb6 Ne8 49. Kc5 axb6+ 50. Kxb6 Kd7 51. a7 Nc7 52. Kb7 Kd6 53.
b5 1-0

[Event "Sunway Sitges Online Open"]
[Site "chess.com INT"]
[Date "2020.04.24"]
[Round "6.5"]
[White "Borsuk, Konstantin"]
[Black "Thybo, Jesper Sondergaard"]
[Result "1/2-1/2"]
[WhiteTitle "FM"]
[BlackTitle "GM"]
[WhiteElo "2431"]
[BlackElo "2590"]
[WhiteFideId "14113406"]
[BlackFideId "1438832"]
[EventDate "2020.04.19"]

1. d4 Nf6 2. c4 g6 3. Nc3 d5 4. Nf3 Bg7 5. Bg5 Ne4 6. cxd5 Nxg5 7. Nxg5 e6 8.
Nf3 exd5 9. e3 a5 10. Be2 O-O 11. O-O c6 12. Ne1 Re8 13. a3 Qd6 14. Na4 Nd7 15.
Nd3 b6 16. Qc2 Ba6 17. Nf4 b5 18. Nc5 Nxc5 19. dxc5 Qf6 20. a4 g5 1/2-1/2

[Event "Sunway Sitges Online Open"]
[Site "chess.com INT"]
[Date "2020.04.24"]
[Round "6.6"]
[White "Nechaev, Andrei"]
[Black "Vrolijk, Liam"]
[Result "0-1"]
[BlackTitle "IM"]
[WhiteElo "2353"]
[BlackElo "2502"]
[WhiteFideId "14103427"]
[BlackFideId "1048333"]
[EventDate "2020.04.19"]

1. d4 Nf6 2. c4 e6 3. Nf3 d5 4. Nc3 dxc4 5. e3 a6 6. Bxc4 b5 7. Bd3 Bb7 8. Qe2
Nbd7 9. O-O c5 10. Rd1 Qb8 11. e4 cxd4 12. Nxd4 Bd6 13. h3 O-O 14. Nb3 b4 15.
Nb1 a5 16. N1d2 a4 17. Nd4 Nc5 18. Bc2 Rd8 19. N4f3 Ba6 20. Qe1 Bd3 21. Bxd3
Nxd3 22. Qe2 Bc5 23. Rf1 Qg3 24. Nc4 Nxf2 0-1

[Event "Sunway Sitges Online Open"]
[Site "chess.com INT"]
[Date "2020.04.24"]
[Round "6.7"]
[White "Caspi, Israel"]
[Black "Reimanis, Ritvars"]
[Result "1-0"]
[WhiteTitle "IM"]
[BlackTitle "FM"]
[WhiteElo "2489"]
[BlackElo "2421"]
[WhiteFideId "2807394"]
[BlackFideId "11602988"]
[EventDate "2020.04.19"]

1. e4 c5 2. Nf3 Nc6 3. d4 cxd4 4. Nxd4 Nf6 5. Nc3 e5 6. Ndb5 d6 7. Bg5 a6 8. Na3
b5 9. Bxf6 gxf6 10. Nd5 Bg7 11. Bd3 f5 12. Qh5 Ne7 13. Nxe7 Qxe7 14. O-O d5 15.
exd5 e4 16. c3 O-O 17. Be2 b4 18. Nc4 bxc3 19. bxc3 Bxc3 20. Rab1 Bd4 21. Nb6
Rb8 22. Nxc8 Rbxc8 23. Qxf5 Rc2 24. Bxa6 Ra8 25. d6 Qe5 26. Qxe5 Bxe5 27. d7 Rd8
28. Bb5 Rxa2 29. Rfe1 Bd4 30. Rxe4 Bxf2+ 31. Kf1 Kg7 32. Re8 Bh4 33. Rb4 Ra1+
34. Ke2 Ra2+ 35. Kf3 Ra3+ 36. Kg4 Bf6 37. Rf4 h5+ 38. Kxh5 Ra5 39. Rf5 Rda8 40.
g3 Bd8 41. Kg4 Rb8 42. Bc4 Rxf5 43. Kxf5 Ra8 1-0

[Event "Sunway Sitges Online Open"]
[Site "chess.com INT"]
[Date "2020.04.24"]
[Round "6.8"]
[White "Rakotomaharo, Fy Antenaina"]
[Black "Yoo, Christopher Woojin"]
[Result "1/2-1/2"]
[WhiteTitle "IM"]
[BlackTitle "IM"]
[WhiteElo "2422"]
[BlackElo "2455"]
[WhiteFideId "13100050"]
[BlackFideId "30909694"]
[EventDate "2020.04.19"]

1. e4 c5 2. Nf3 e6 3. d4 cxd4 4. Nxd4 Nf6 5. Nc3 Nc6 6. Be2 Qc7 7. Be3 a6 8. O-O
Bb4 9. Na4 Rb8 10. c4 Be7 11. Nxc6 bxc6 12. c5 O-O 13. Qc2 Qe5 14. Bf3 Rb5 15.
g3 Qb8 16. Nb6 d5 17. a4 Rb4 18. exd5 Nxd5 19. Bd2 Rd4 20. Bc3 Nxc3 21. bxc3
Rdd8 22. Bxc6 Bxc5 23. Nxc8 Rxc8 24. Be4 Bd4 25. Bxh7+ Kh8 26. Qd1 Bxf2+ 27.
Rxf2 Kxh7 28. Qd3+ Kg8 29. Qxa6 Rxc3 30. a5 Rfc8 31. Raf1 R8c6 32. Qe2 Qa7 33.
Qh5 Rc7 34. Qg5 Rc8 35. Rd1 Rf3 36. Rd8+ Rxd8 37. Qxd8+ Kh7 38. Qh4+ Kg8 39.
Qd8+ 1/2-1/2

[Event "Sunway Sitges Online Open"]
[Site "chess.com INT"]
[Date "2020.04.24"]
[Round "6.9"]
[White "Vasquez Schroeder, Rodrigo"]
[Black "Raahul, V S"]
[Result "1-0"]
[WhiteTitle "GM"]
[WhiteElo "2441"]
[BlackElo "2259"]
[WhiteFideId "3400042"]
[BlackFideId "25035525"]
[EventDate "2020.04.19"]

1. e4 e5 2. Nf3 Nc6 3. Bb5 a6 4. Ba4 d6 5. c4 g6 6. d4 Bd7 7. Bg5 f6 8. Be3 Nh6
9. d5 Ne7 10. Nc3 Bg7 11. Nd2 f5 12. f3 O-O 13. Bxd7 Qxd7 14. h3 fxe4 15. fxe4
Nf7 16. Nf3 h6 17. Qe2 g5 18. Nd2 Ng6 19. g3 c5 20. Qh5 Nfh8 21. Nf3 b5 22. h4
b4 23. Ne2 gxh4 24. Nxh4 Nxh4 25. Rxh4 Qf7 26. Kd2 Qxh5 27. Rxh5 Nf7 28. g4 Kh7
29. Ng3 Rg8 30. Rf1 Ra7 31. Nf5 Bf8 32. Rg1 Kg6 33. Ke2 a5 34. Kf3 Rh8 35. Rgh1
Rh7 36. g5 Nxg5+ 37. Bxg5 hxg5 38. Kg4 Rxh5 39. Rxh5 Kf6 40. Rh8 Rf7 41. b3 Kg6
42. Rg8+ Kh7 43. Rxg5 a4 44. Rh5+ Kg8 45. Kg5 axb3 46. axb3 Ra7 47. Kf6 Rf7+ 48.
Ke6 Ra7 49. Rh3 Rb7 50. Rg3+ Kh7 51. Nxd6 Rb6 52. Kf7 1-0

[Event "Sunway Sitges Online Open"]
[Site "chess.com INT"]
[Date "2020.04.24"]
[Round "6.10"]
[White "Koellner, Aaron Noah"]
[Black "Das, Sayantan"]
[Result "0-1"]
[BlackTitle "IM"]
[WhiteElo "2257"]
[BlackElo "2431"]
[WhiteFideId "12993085"]
[BlackFideId "5034426"]
[EventDate "2020.04.19"]

1. d4 g6 2. Nf3 Nf6 3. Nbd2 d5 4. e3 a5 5. c4 Bg7 6. b3 O-O 7. Bb2 c6 8. h3 a4
9. b4 a3 10. Bc1 Ne4 11. Qb3 Nxd2 12. Bxd2 Bf5 13. Bc1 Be4 14. Bxa3 Bxf3 15.
gxf3 e5 16. dxe5 Bxe5 17. Bb2 Nd7 18. f4 Bxb2 19. Qxb2 dxc4 20. Bxc4 Nb6 21. Bb3
Qd3 22. Qc2 Qb5 23. a3 Rxa3 24. Rxa3 Qxb4+ 25. Kf1 Qxa3 26. f5 Qa1+ 27. Kg2 Qf6
28. e4 Rd8 29. h4 gxf5 30. Rg1 Kh8 31. Kh3 Rg8 32. Rxg8+ Kxg8 33. exf5 Qd4 34.
Qc1 Qd3+ 35. Kh2 Qxf5 36. Qe3 Nd7 37. Qg3+ Kf8 38. Bc4 Ne5 39. Be2 h5 40. Qa3+
Kg7 41. Qg3+ Ng6 42. Kg1 Qe5 43. Qxe5+ Nxe5 44. Bxh5 Ng6 45. Bg4 Nxh4 46. Bc8 b6
47. Bd7 c5 48. Bb5 Nf3+ 49. Kf1 Nd4 50. Bd3 b5 51. Ke1 c4 52. Bb1 c3 53. Kd1 b4
54. f4 b3 55. Bc2 Nxc2 56. Kc1 Nd4 57. f5 Kf6 58. Kb1 Kxf5 0-1

[Event "Sunway Sitges Online Open"]
[Site "chess.com INT"]
[Date "2020.04.25"]
[Round "7.1"]
[White "Shevchenko, Kirill"]
[Black "Adly, Ahmed"]
[Result "1/2-1/2"]
[WhiteTitle "GM"]
[BlackTitle "GM"]
[WhiteElo "2592"]
[BlackElo "2615"]
[WhiteFideId "14129574"]
[BlackFideId "10601619"]
[EventDate "2020.04.19"]

1. e4 c5 2. Nf3 d6 3. d4 cxd4 4. Nxd4 Nf6 5. Nc3 a6 6. Be3 Ng4 7. Bc1 Nf6 8. Bg5
e6 9. f4 Bd7 10. Qf3 Nc6 11. O-O-O h6 12. Bh4 Nxd4 13. Rxd4 Bc6 14. f5 exf5 15.
Qxf5 Be7 16. Bc4 Qc8 17. Qf3 O-O 18. Rf1 Qe8 19. Qg3 g5 20. Rf5 Nh5 21. Qf3 Ng7
22. Bg3 Nxf5 23. Qxf5 Kg7 24. Bxd6 Rd8 25. e5 Rxd6 26. Rxd6 Qc8 27. Qf2 Qg4 28.
Nd5 Bxd6 29. Qf6+ Kg8 30. Ne7+ Bxe7 31. Qg6+ Kh8 1/2-1/2

[Event "Sunway Sitges Online Open"]
[Site "chess.com INT"]
[Date "2020.04.25"]
[Round "7.2"]
[White "Bachmann, Axel"]
[Black "Sindarov, Javokhir"]
[Result "1/2-1/2"]
[WhiteTitle "GM"]
[BlackTitle "GM"]
[WhiteElo "2599"]
[BlackElo "2557"]
[WhiteFideId "3700488"]
[BlackFideId "14205483"]
[EventDate "2020.04.19"]

1. c4 Nf6 2. Nc3 c5 3. g3 g6 4. Bg2 Bg7 5. e4 Nc6 6. Nge2 d6 7. d3 a6 8. O-O Bg4
9. Be3 O-O 10. f3 Bd7 11. Qd2 Rb8 12. h3 b5 13. f4 Na5 14. e5 Ne8 15. b3 Bc6 16.
Ne4 dxe5 17. Rad1 exf4 18. Nxf4 Bxe4 19. Bxe4 Nd6 20. Bg2 Rc8 21. g4 e6 22. Qf2
Ndb7 23. d4 1/2-1/2

[Event "Sunway Sitges Online Open"]
[Site "chess.com INT"]
[Date "2020.04.25"]
[Round "7.3"]
[White "Vrolijk, Liam"]
[Black "Vasquez Schroeder, Rodrigo"]
[Result "1/2-1/2"]
[WhiteTitle "IM"]
[BlackTitle "GM"]
[WhiteElo "2502"]
[BlackElo "2441"]
[WhiteFideId "1048333"]
[BlackFideId "3400042"]
[EventDate "2020.04.19"]

1. d4 Nf6 2. c4 e6 3. Nc3 Bb4 4. Qc2 O-O 5. e4 d5 6. e5 Ne4 7. Bd3 c5 8. Nf3
cxd4 9. Nxd4 dxc4 10. Bxe4 Qxd4 11. Be3 Qxe5 12. Bxh7+ Kh8 13. O-O-O Bxc3 14.
bxc3 f5 15. Bg6 Qf6 16. Bh5 Nc6 17. h4 Ne5 18. Bg5 Nd3+ 19. Qxd3 cxd3 20. Bxf6
gxf6 21. Rxd3 e5 22. Bg6 Be6 23. Rd6 Bxa2 24. Rd7 f4 25. Rhd1 Bg8 26. Rxb7 Rfc8
27. Kc2 Rab8 28. Rdd7 a5 29. h5 Rxb7 30. Rxb7 Bd5 31. Rd7 Bxg2 32. h6 Ra8 1/2-1/2

[Event "Sunway Sitges Online Open"]
[Site "chess.com INT"]
[Date "2020.04.25"]
[Round "7.4"]
[White "Das, Sayantan"]
[Black "Caspi, Israel"]
[Result "1-0"]
[WhiteTitle "IM"]
[BlackTitle "IM"]
[WhiteElo "2431"]
[BlackElo "2489"]
[WhiteFideId "5034426"]
[BlackFideId "2807394"]
[EventDate "2020.04.19"]

1. Nf3 Nf6 2. c4 e6 3. g3 d5 4. Bg2 Be7 5. O-O O-O 6. b3 d4 7. e3 c5 8. exd4
cxd4 9. Bb2 Nc6 10. Re1 Re8 11. d3 Bc5 12. Ne5 Nxe5 13. Rxe5 Qd6 14. f4 Rb8 15.
Nd2 b6 16. Ne4 Nxe4 17. Bxe4 Bb7 18. Bxb7 Rxb7 19. Qf3 Rbe7 20. Rae1 f6 21. R5e4
Qc6 22. Kg2 f5 23. Re5 Qxf3+ 24. Kxf3 Kf7 25. a3 Bd6 26. R5e2 e5 27. fxe5 Bxe5
28. Bc1 a5 29. Bf4 Kf6 30. h4 Re6 31. b4 axb4 32. axb4 g6 33. Bxe5+ Rxe5 34.
Rxe5 Rxe5 35. Rxe5 Kxe5 36. g4 fxg4+ 37. Kxg4 b5 38. c5 h6 39. Kg3 Kf5 40. Kf3
Ke5 41. Kg4 Ke6 42. Kf4 Kd5 43. h5 g5+ 44. Kf5 Kc6 45. Ke5 Kd7 46. Kxd4 Ke6 47.
Ke4 Kd7 48. d4 Ke6 49. d5+ Kd7 50. Ke5 Kc7 51. d6+ 1-0

[Event "Sunway Sitges Online Open"]
[Site "chess.com INT"]
[Date "2020.04.25"]
[Round "7.5"]
[White "Kugler, Florian"]
[Black "Sattarov, Bobir"]
[Result "1/2-1/2"]
[WhiteElo "2223"]
[BlackElo "2459"]
[WhiteFideId "4633300"]
[BlackFideId "14203081"]
[EventDate "2020.04.19"]

1. d4 Nf6 2. c4 c5 3. Nf3 cxd4 4. Nxd4 e5 5. Nb5 d5 6. cxd5 Bc5 7. N5c3 O-O 8.
e3 e4 9. a3 Qe7 10. Nd2 a5 11. Qc2 Bf5 12. Be2 Nbd7 13. O-O Rfc8 14. Rd1 Bd6 15.
Nc4 Bxh2+ 16. Kxh2 Rxc4 17. Kg1 Rcc8 18. Rd4 Nc5 19. Bd2 Qe5 20. Rb1 Bg4 21. Be1
h5 22. Rbd1 Bxe2 23. Qxe2 Ng4 24. g3 Qf5 25. Kg2 Ne5 26. d6 Re8 27. Nd5 Ne6 28.
Nc7 Nf3 29. Rd5 Qg4 30. Qf1 Neg5 31. Qh1 h4 32. Kf1 hxg3 33. fxg3 Re6 34. d7 Rd8
35. Nxe6 fxe6 36. Rd6 Nh3 37. Rc1 e5 38. Qg2 Rf8 39. Bf2 Rd8 40. Be1 Qf5 41. Bf2
Nxf2 42. Qxf2 Rxd7 43. Rxd7 Qh3+ 44. Ke2 Qxd7 45. Kf1 1/2-1/2

[Event "Sunway Sitges Online Open"]
[Site "chess.com INT"]
[Date "2020.04.25"]
[Round "7.6"]
[White "Mehar, Chinna Reddy C.H."]
[Black "Borsuk, Konstantin"]
[Result "1-0"]
[WhiteTitle "IM"]
[BlackTitle "FM"]
[WhiteElo "2422"]
[BlackElo "2431"]
[WhiteFideId "5027420"]
[BlackFideId "14113406"]
[EventDate "2020.04.19"]

1. d4 Nf6 2. Nf3 e6 3. e3 b6 4. Bd3 Bb7 5. O-O c5 6. c4 d6 7. Nc3 cxd4 8. exd4
Be7 9. d5 e5 10. Nh4 g6 11. f4 e4 12. Be2 O-O 13. f5 Nbd7 14. g3 Re8 15. Ng2 a5
16. g4 Nc5 17. g5 Nfd7 18. f6 Nxf6 19. gxf6 Bxf6 20. Bf4 Be5 21. Qe1 f5 22. Qg3
Qf6 23. Ne3 Kh8 24. Rf2 Bxf4 25. Qxf4 Qe5 26. Raf1 Rad8 27. Qxe5+ Rxe5 28. Nb5
Bc8 29. h4 Re7 30. Rb1 Rf7 31. Kh2 f4 32. Rbf1 f3 33. Rb1 Kg7 34. Bf1 h6 35. b4
axb4 36. Rxb4 g5 37. Nd4 Rf4 38. Kg3 Rxh4 39. Ndf5+ Bxf5 40. Nxf5+ Kf6 41. Nxh4
gxh4+ 42. Kf4 Re8 43. Rxb6 e3 44. Rxd6+ Ke7 45. Rc6 exf2 46. Rxc5 h3 47. Bxh3
Ra8 48. Rc7+ Kd6 49. Rc6+ Ke7 50. Bf1 1-0

[Event "Sunway Sitges Online Open"]
[Site "chess.com INT"]
[Date "2020.04.25"]
[Round "7.7"]
[White "Thybo, Jesper Sondergaard"]
[Black "Rakotomaharo, Fy Antenaina"]
[Result "1-0"]
[WhiteTitle "GM"]
[BlackTitle "IM"]
[WhiteElo "2590"]
[BlackElo "2422"]
[WhiteFideId "1438832"]
[BlackFideId "13100050"]
[EventDate "2020.04.19"]

1. Nf3 d6 2. e4 c5 3. Nc3 a6 4. g3 Nf6 5. e5 dxe5 6. Nxe5 Qc7 7. d4 cxd4 8. Qxd4
Nc6 9. Nxc6 Qxc6 10. Bg5 Bg4 11. Bxf6 Bf3 12. Bxg7 Rd8 13. Qe5 Rg8 14. Bxf8 Kxf8
15. Rg1 f6 16. Qf4 Rg5 17. Bd3 Kg7 18. Ne4 Bxe4 19. Bxe4 Qc4 20. f3 Qc5 21. Kf1
e5 22. Qc1 Rh5 23. Kg2 1-0

[Event "Sunway Sitges Online Open"]
[Site "chess.com INT"]
[Date "2020.04.25"]
[Round "7.8"]
[White "Nasuta, Grzegorz"]
[Black "Espinoza Palomino, Willyam"]
[Result "1/2-1/2"]
[WhiteTitle "GM"]
[BlackTitle "IM"]
[WhiteElo "2558"]
[BlackElo "2400"]
[WhiteFideId "1141686"]
[BlackFideId "3804852"]
[EventDate "2020.04.19"]

1. e4 e5 2. Nf3 Nc6 3. Bb5 a6 4. Ba4 Nf6 5. O-O Be7 6. Re1 b5 7. Bb3 d6 8. c3
O-O 9. h3 Na5 10. Bc2 c5 11. d4 Qc7 12. d5 c4 13. b4 cxb3 14. axb3 Bd7 15. Ba3
Bd8 16. Nbd2 Qb8 17. Bd3 Nb7 18. b4 Bb6 19. c4 Rc8 20. cxb5 axb5 21. Bb2 Rxa1
22. Qxa1 Nh5 23. Rc1 Rxc1+ 24. Bxc1 Nf4 25. Bf1 f5 1/2-1/2

[Event "Sunway Sitges Online Open"]
[Site "chess.com INT"]
[Date "2020.04.25"]
[Round "7.9"]
[White "Tsydypov, Zhamsaran"]
[Black "Randazzo, Adrian"]
[Result "1-0"]
[WhiteTitle "GM"]
[BlackTitle "FM"]
[WhiteElo "2558"]
[BlackElo "2293"]
[WhiteFideId "4108566"]
[BlackFideId "114251"]
[EventDate "2020.04.19"]

1. e4 c5 2. Nf3 d6 3. d4 cxd4 4. Nxd4 Nf6 5. Nc3 g6 6. Be3 a6 7. Be2 Bg7 8. Qd2
Nc6 9. Nb3 Be6 10. O-O-O h5 11. Kb1 b5 12. f3 Rc8 13. Nd4 Nxd4 14. Bxd4 Qa5 15.
a3 Bc4 16. e5 dxe5 17. Bxe5 Bxe2 18. Qxe2 O-O 19. g4 hxg4 20. fxg4 b4 21. axb4
Qxb4 22. g5 Ne4 23. Nd5 Qc4 24. Nxe7+ Kh7 25. Qg2 Nf2 26. Nxc8 Rxc8 27. Qxf2
Bxe5 28. Rd7 Kg8 29. Rhd1 Rf8 30. Rd8 Qb5 31. c3 Rxd8 32. Rxd8+ Kg7 33. Qh4 1-0

[Event "Sunway Sitges Online Open"]
[Site "chess.com INT"]
[Date "2020.04.25"]
[Round "7.10"]
[White "Rudovskii, Filipp"]
[Black "Moroni, Luca Jr"]
[Result "1/2-1/2"]
[BlackTitle "GM"]
[WhiteElo "2158"]
[BlackElo "2530"]
[WhiteFideId "54121299"]
[BlackFideId "865834"]
[EventDate "2020.04.19"]

1. e4 c5 2. c3 d6 3. d4 cxd4 4. cxd4 Nf6 5. Nc3 g6 6. Bd3 Bg7 7. Nge2 O-O 8. O-O
a6 9. Bg5 b5 10. a4 bxa4 11. Qxa4 Bb7 12. Rfd1 Nc6 13. e5 Ne8 14. Be4 Rc8 15.
Nd5 h6 16. Bh4 Rb8 17. f4 Nc7 18. Nxc7 Qxc7 19. Rdc1 d5 20. Bxd5 Rfc8 21. Bf2
Qb6 22. Bf3 Nb4 23. d5 Qb5 24. Qxb5 axb5 25. Rxc8+ Rxc8 26. Rd1 Rc2 1/2-1/2

[Event "Sunway Sitges Online Open"]
[Site "chess.com INT"]
[Date "2020.04.26"]
[Round "8.1"]
[White "Mehar, Chinna Reddy C.H."]
[Black "Bachmann, Axel"]
[Result "1/2-1/2"]
[WhiteTitle "IM"]
[BlackTitle "GM"]
[WhiteElo "2422"]
[BlackElo "2599"]
[WhiteFideId "5027420"]
[BlackFideId "3700488"]
[EventDate "2020.04.19"]

1. d4 Nf6 2. Nf3 e6 3. e3 d5 4. Bd3 b6 5. O-O Bb7 6. b3 Bd6 7. Bb2 O-O 8. c4
dxc4 9. Bxc4 c5 10. Nbd2 Nbd7 11. Qe2 cxd4 1/2-1/2